000 00404nam a22001337a 4500
020 _qHB.
040 _cFIZZA ISHAQ
082 _a901.9
_bRUS
100 _aMajor , J. Russell.
_9134432
245 _aThe Western World: Renaissance to the Present /
_c J. Russell Major.
260 _aPhiladelphia New York:
_bJ. B. Lippincott Company,
_c1966.
300 _axv , 1152 P. : ill. ;
_c24 CM
942 _2ddc
_cBK
999 _c617431
_d617431